| 000 | 00727nam a22002297a 4500 | ||
|---|---|---|---|
| 005 | 20170124110131.0 | ||
| 010 | _aA-723182 | ||
| 020 | _c00.00 | ||
| 035 | _aA-723182 | ||
| 037 | _bCen Lib/Ret | ||
| 040 |
_aDPL _bEN |
||
| 082 |
_aS _bMIR |
||
| 100 |
_a Amman Dihlavī, Mir _932221 |
||
| 245 |
_aA tale of four dervishes / _cby Mīr Amman Dihlavī ; translated by Mohammed Zakir |
||
| 260 |
_aNew Delhi _bPenguin Books _c1994 |
||
| 270 |
_a210, Chiranjiv Tower, 43, Nehru Place _bNew Delhi _e110019 |
||
| 300 |
_axvi,158p. _c18cm(Hb) |
||
| 650 |
_aDervishes -- Turkey -- Fiction _932222 |
||
| 650 |
_aTurkey -- Social life and customs -- Fiction _932223 |
||
| 700 |
_aMohammed Zakir _932224 |
||
| 942 |
_2ddc _cEN _hS _mMIR |
||
| 999 |
_c131601 _d131601 |
||